| 000 | 01099naa a2200313 c 4500 | ||
|---|---|---|---|
| 001 | 26478 | ||
| 003 | ES-MaCES | ||
| 005 | 20150929135520.0 | ||
| 008 | 940218n1989 sp ||| | spa d | ||
| 035 | _aCES19980004127v | ||
| 040 |
_aES-MaCES _bspa _cES-MaCES |
||
| 100 | 1 |
_aColl Cuota, Pilar _99807 |
|
| 245 | 1 | 3 |
_aLa protección de la maternidad, de la familia y de la vivienda _cPilar Coll Cuota, Rosario Martín Jadraque |
| 650 | 4 |
_acomparación _928892 |
|
| 650 | 4 |
_aEspaña _926964 |
|
| 650 | 4 |
_agasto público _928076 |
|
| 650 | 4 |
_asubsidio a la vivienda _930425 |
|
| 650 | 4 |
_apolítica de vivienda _929419 |
|
| 650 | 4 |
_aimpuesto negativo _929343 |
|
| 650 | 4 |
_aprestaciones familiares _927038 |
|
| 650 | 4 |
_aprestaciones de maternidad _927040 |
|
| 653 | 1 | 0 | _aSeguridad Social |
| 650 | 4 |
_926752 _aUE |
|
| 700 | 1 |
_aMartín Jadraque, Rosario _917962 |
|
| 773 | 0 |
_tRevista de economía y sociología del trabajo _gMadrid. - N. 3 (marzo 1989) ; p. 67-83 _w(ES-MaCES)25168 |
|
| 902 | _aART Artículo de revista | ||
| 942 |
_2CES _cAR _h3.0. |
||
| 999 |
_c26478 _d26478 |
||